Experiències amb adob 'compost' sobre vinya / estudi realitzat pels Departaments de Viticultura i Enologia i Anàlisis Agrícoles del Servei d' Agricultura, amb col·laboració del Servei del Medi Ambient
Descripción Física:
43 p. ; 29 cm
Colección:
Estudis i monografies ; 7
Materias:
Viticultura
MARC
| LEADER | 00000nam a2200000Ia 4500 | ||
|---|---|---|---|
| 001 | 1948 | ||
| 003 | BGR | ||
| 005 | 20260324175217.0 | ||
| 008 | 160829s1982 xx 000 0 cat d | ||
| 080 | |a C-1-68 | ||
| 110 | 1 | |a Barcelona (Catalunya : Província). |b Diputació |9 52408 | |
| 245 | |a Experiències amb adob 'compost' sobre vinya / estudi realitzat pels Departaments de Viticultura i Enologia i Anàlisis Agrícoles del Servei d' Agricultura, amb col·laboració del Servei del Medi Ambient | ||
| 260 | |a Barcelona : |b Diputació de Barcelona. Servei del Medi Ambient, |c 1982 | ||
| 300 | |a 43 p. ; |c 29 cm | ||
| 490 | |a Estudis i monografies ; 7 | ||
| 650 | 0 | |a Viticultura |9 20101 | |
| 710 | 1 | |a Barcelona (Catalunya : Província). |b Servei de Medi Ambient |9 53475 | |
| 901 | |a Arxiu | ||
| 942 | |n 1 |2 udc |c MON | ||
| 952 | |0 0 |1 0 |4 0 |6 C168 |7 1 |9 41627 |a Arxiu |b Arxiu |d 2016-12-01 |l 0 |o C-1-68 |p 1948 |r 2016-12-01 00:00:00 |w 2016-12-01 |y ARXIU | ||
| 999 | |c 43517 |d 43517 | ||